All Gex Games - Statistics

General Stats
  • This quiz has been taken 17 times
  • The average score is 4 of 6
Answer Stats
Hint Answer % Correct
1995-3DO,PS1,PSP,Sega Saturn, MS-DOS Gex
100%
1998-PS1,Gameboy,PS3,PSCVita Gex Enter The Gecko
75%
1999-PS1,N64,Gameboy Gex 3 Deep Cover Gecko
50%
1999-Gameboy Color Gex 3 Deep Pocket Gecko
50%
2025-PS4,PS5,Xbox One,Xbox Séries S/X, Switch, Switch 2 Gex Trilogy
50%
1998-N64 Gex 64 Enter The Gecko
25%
No matching quizzes found
Score Distribution
Percent of People with Each Score
Percentile by Number Answered
Your Score History
You have not taken this quiz